000 00531nam a2200193Ia 4500
005 20250923150105.0
008 008 250917s9999 xx 000 0 eng d
037 _aTextual
040 _aDSWL
_beng
_cDSWL
041 _aeng
_2eng
084 _aYX,b, P00
_qDSWL
245 0 _aS.W.R:Special issue on social work profession
_cEd. by A.SNabale
260 _aVadobara
_bMS Univ. of Baroda
_c2000
300 _a184p.
365 _aINR
_b92
925 _g92
942 _cTEXL
_hYX,b, P00
999 _c1459443
_d1459443